000 02075nam a22001577a 4500
041 _aukr
080 _a09
090 _bКОЛ
100 _aКолодій Н. Й.
245 _aІндивідуальний підхід у навчанні техніки читання англійською мовою на початковому етапі загальноосвітньої школи
260 _aОстрог
_bКАФ
_c2003
300 _a55
520 _aРозділ 1. Лінгвопсихологічні аспекти навчання техніки читання англійською мовою на початковому етапі загальноосвітньої школи. 1.1. Лінгвістичні особливості навчання техніки читання англійською мовою. 1.2. Індивідуально-психологічні особливості учнів у процесі засвоєння технічних навичок читання англійською мовою та види індивідуалізаціїю Розділ 2. Організація процесу формування технічних навичок читання англійською мовою на початковому етапі ЗОШ. 2.1. Відбір та організація матеріалу для навчання техніки читання англійською мовою на початковому етапі загальноосвітньої школи. 2.2. Модель навчального процесу з використанням індивідуального підходу до навчання техніки читання англійською мовою. 2.3. Комплекс індивідуалізованих вправ для формування навичок техніки читання на початковому етапі.
_0Навчання, техніка читання, навчальний процес.
650 _aResearch Papers
999 _c281841
_d281841
942 _cBK